000 01233nam a2200325Ia 4500
001 ebr10135501
003 CaPaEBR
006 m u
007 cr cn|||||||||
008 030624s2003 nyua s 001 0deng d
010 _z 2003055377
020 _z1403981752
020 _z140396243X (pbk. : alk. paper)
040 _aCaPaEBR
_cCaPaEBR
035 _a(OCoLC)133160877
050 1 4 _aML3534
_b.R54 2003eb
082 0 4 _a781.66/089/96073
_221
245 0 0 _aRip it up
_h[electronic resource] :
_bthe Black experience in rock'n'roll /
_cedited by Kandia Crazy Horse.
250 _a1st ed.
260 _aNew York :
_bPalgrave Macmillan,
_c2003.
300 _axviii, 231 p. :
_bill.
500 _aIncludes index.
533 _aElectronic reproduction.
_bPalo Alto, Calif. :
_cebrary,
_d2009.
_nAvailable via World Wide Web.
_nAccess may be limited to ebrary affiliated libraries.
650 0 _aRock music
_xHistory and criticism.
650 0 _aAfrican American rock musicians.
655 7 _aElectronic books.
_2local
700 1 _aCrazy Horse, Kandia.
710 2 _aebrary, Inc.
856 4 0 _uhttp://site.ebrary.com/lib/rucke/Doc?id=10135501
_zAn electronic book accessible through the World Wide Web; click to view
999 _c187879
_d187879